000 01905nam0a2200409 4500
001 RU\NLR\bibl\1462403
005 20250615235306.0
010 _a978-5-93295-580-2
_93000
021 _aRU
_b2009-94102
_95963
035 _a(nilc)RSL-KNO-004416854
035 _a(NLR Aleph) 001454151
090 _a1541886
_c1541886
100 _a20091120d2010 |||y0rusy50 ca
101 0 _arus
102 _aRU
105 _ay |||||||||
200 1 _aУголовно-правовая и криминологическая характеристика незаконной добычи (вылова) водных биологических ресурсов
_fПодройкина И.А., Политко Ф.В., Улезько С.И.
210 _aМосква
_cЮрлитинформ
_d2010
215 _a142 с.
_d21
225 1 _aБиблиотека криминалиста
_eБК
320 _aБиблиогр. в подстроч. прим.
606 1 _aБраконьерство
_xУголовная ответственность
_yРоссийская Федерация
_92465507
_3RU\NLR\auth\661464698
606 1 _aРыболовство незаконное
_xУголовная ответственность
_yРоссийская Федерация
_92564054
_3RU\NLR\auth\661516592
686 _aХ628.111.624,0
_2rubbk
686 _aХ628.322.162.4,0
_2rubbk
686 _aХ628.111.624
686 _aХ628.111.624.1
700 1 _4070
_7ca
_8rus
_aПодройкина
_bИ. А.
_f1978-
_gИнна Андреевна
_9174165
_3RU\NLR\AUTH\770174216
701 1 _aПолитко
_bФ. В.
_gФедор Владимирович
_4070
701 1 _aУлезько
_bС. И.
_gСергей Иванович
_4070
801 0 _aRU
_bРГБ
_c20091120
_grcr
801 1 _aRU
_bРГБ
_c20091120
801 2 _aRU
_bNLR
_c20100119
_grcr
942 _cBOOK
980 _aNB